000 00248nam a2200109Ia 4500
008 190912s9999||||xx |||||||||||||| ||und||
100 _aPetzold,Charles
245 0 _aWindows With C=
260 _aUSA
_bEducation
_c2001
300 _a1290
942 _cBK
999 _c7679
_d7679